000 00581nam a2200205Ia 4500
001 21150
003 GE_BSU
008 181216s||||||||xx |||||||||||||| ||und||
040 _cGE_BSU
245 _aФармация. №5.том 66. 2017
245 _bнаучно -практический журнал
245 _cГл. ред.И.А.Самылина
260 _aМосква
260 _c2017
300 _a56 стр. 29см.
653 _aПериодика
653 _aФармация. №5.том 66. 2017
653 _aპერიოდიკა
942 _cCR
999 _c54095
_d54095